Catálogo

A DOE handbook : (Registro nro. 66925)

Detalles MARC
000 -LEADER
fixed length control field 00861nam a2200253 u 4500
001 - CONTROL NUMBER
control field 66925
005 - DATE AND TIME OF LATEST TRANSACTION
control field 20201023083644.0
008 - FIXED-LENGTH DATA ELEMENTS--GENERAL INFORMATION
fixed length control field 170317s2014 xxua r 000 0 eng d
020 ## - INTERNATIONAL STANDARD BOOK NUMBER
International Standard Book Number 9781497511903
040 ## - CATALOGING SOURCE
Description conventions rda
041 0# - LANGUAGE CODE
Language code of text/sound track or separate title eng
082 0# - DEWEY DECIMAL CLASSIFICATION NUMBER
Classification number 519.57
Item number COL
100 1# - MAIN ENTRY--PERSONAL NAME
Personal name Coleman, Daniel
Titles and words associated with a name (Senior operations officer)
Relator term autor
245 12 - TITLE STATEMENT
Title A DOE handbook :
Remainder of title a simple approach to basic statiscal sedign of experiments /
Statement of responsibility, etc. Daniel Coleman, Bert Gunter.
250 ## - EDITION STATEMENT
Edition statement [First edition]
264 #1 - PRODUCTION, PUBLICATION, DISTRIBUTION, MANUFACTURE, AND COPYRIGHT NOTICE
Place of production, publication, distribution, manufacture [United States?] :
Name of producer, publisher, distributor, manufacturer [editor no identificado],
Date of production, publication, distribution, manufacture, or copyright notice [2014]
300 ## - PHYSICAL DESCRIPTION
Extent 117 páginas :
Other physical details ilustraciones ;
Dimensions 23 cm.
336 ## - CONTENT TYPE
Content type term texto
Source rdacontent
Content type code txt
337 ## - MEDIA TYPE
Media type term sin medio
Source rdamedia
Media type code n
338 ## - CARRIER TYPE
Carrier type term volumen
Source rdacarrier
Carrier type code nc
650 #4 - SUBJECT ADDED ENTRY--TOPICAL TERM
Topical term or geographic name entry element Diseño experimental
700 1# - ADDED ENTRY--PERSONAL NAME
Personal name Gunter, Bert,
Relator term coautor
9 (RLIN) 3758
942 ## - ADDED ENTRY ELEMENTS (KOHA)
Classification part 519.57
Item part COL
Koha item type Libro
Existencias
Withdrawn status Lost status Source of classification or shelving scheme Damaged status Not for loan Collection code Home library Current library Shelving location Date acquired Source of acquisition Inventory number Total Checkouts Full call number Barcode Date last seen Price effective from Koha item type
    Dewey Decimal Classification     General Biblioteca Karol Wojtyla Biblioteca Karol Wojtyla Sala general 17/03/2017 Compra 151000000000000000034389   519.57 COL 2014 97208 05/01/2026 23/03/2017 Libro
    Dewey Decimal Classification     General Biblioteca Karol Wojtyla Biblioteca Karol Wojtyla Sala general 23/03/2017 Compra 151000000000000000034390   519.57 COL 2014 97209 05/01/2026 23/03/2017 Libro